[Event "Sheikh Russel GM 2021"]
[Site "Dhaka"]
[Date "2021.10.25"]
[Round "7.18"]
[White "Mohammad Nubairshah Shaikh"]
[Black "Girinath, P.D.S."]
[Result "1/2-1/2"]
[WhiteElo "2440"]
[BlackElo "2335"]
[Annotator "TA"]
[PlyCount "106"]
[EventDate "2021.10.19"]
[EventType "swiss"]
[EventCountry "BAN"]
[SourceTitle "playchess.com"]
[Source "ChessBase"]
[SourceQuality "1"]

{[%evp 23,106,0,10,0,1,2,6,12,5,4,14,4,2,4,2,2,2,2,4,4,18,18,16,10,10,20,20,14,16,0,9,0,11,8,0,0,0,0,0,0,0,-5,0,0,0,0,0,0,0,-8,-8,-7,0,0,0,-10,0,0,0,-10,-14,-25,-30,-64,-66,-200,0,0,0,-62,-34,-609,0,0,0,-555,0,-160,-96,-106,-118,-81,-102,-123,0]} 1. d4 Nf6 2. c4 c5 3. d5 e6 4. Nc3 exd5 5. cxd5 d6 6. e4 g6 7. h3 Bg7 8. Nf3 O-O 9. Bd3 b5 10. Nxb5 Re8 11. O-O Nxe4 12. Re1 a6 13. Nc3 {A70: Modern Benoni: 6 e4 g6 7 Nf3.} Nxc3 14. bxc3 Rxe1+ 15. Qxe1 {The position is equal.} Bb7 16. Bg5 Qc8 {[#]} 17. Rd1 $146 ({Predecessor:} 17. Qe7 Bxd5 18. Qxd6 Bxf3 19. gxf3 Ra7 20. Rb1 Nd7 21. c4 Be5 22. Qe7 Kg7 23. f4 Bd4 24. Be4 h6 25. Qd8 Qc7 26. Qxc7 Rxc7 27. Bd8 {½-½ (27) Kozlowski,W (2436)-Nogga,U (2453) ICCF email 2014}) 17... Bxd5 18. Be4 Bxe4 19. Qxe4 Qc6 20. Qxc6 Nxc6 21. Rxd6 Ne5 22. Nd2 f5 23. Be3 Nf7 24. Rc6 Bxc3 25. Nb3 a5 26. a4 Bb4 27. Nxc5 Rd8 28. Ne6 Re8 29. Ra6 Nd6 30. Nc7 Re5 31. Bf4 Re1+ 32. Kh2 Ne4 33. f3 Nc5 34. Ra8+ Kf7 35. Nd5 Nd3 36. Ra7+ Ke6 37. Nc7+ Kf7 38. Nd5+ Ke6 39. Nc7+ Kf7 {[#] aiming for ...Re7.} 40. Nd5+ Ke6 41. Nc7+ Kd7 {Hoping for ...Bc5.} 42. Nb5+ Kc6 43. Bg3 Ra1 {Strongly threatening ...Bc5.} 44. Ra6+ ({Better is} 44. Rc7+ $15 Kb6 45. Nc3) 44... Kd7 $2 (44... Kc5 $19 45. Nc7 Rxa4) 45. Ra7+ $11 Kc6 {Threatens to win with ...Bc5.} 46. Nd4+ ({White should play} 46. Ra6+ $1 $11 Kc5 47. Bd6+ Kc4 48. Rc6+ Kd5 49. Ra6) 46... Kb6 (46... Kd5 $5 {[%cal Rd5d4]} 47. Rd7+ Kc4 $15) 47. Nb5 {[%mdl 8192]} (47. Rxh7 $15 f4 48. Bh4) 47... Kc6 $2 (47... Rxa4 $19 48. Rxh7 Kxb5 49. Rb7+ Kc4 50. Rc7+ Kb3) 48. Rc7+ $2 {[%mdl 8192]} (48. Nd4+ $11 {and White has nothing to worry.} Kd5 49. Rd7+ Kc4 50. Nc2) 48... Kb6 $19 49. Ra7 $1 Kc6 $2 (49... Rxa4 $19 50. Rxh7 Kxb5 51. Rb7+ Kc4 52. Rc7+ Kb3) 50. Rxh7 $2 {[#]} (50. Nd4+ $11 Kd5 51. Rd7+ Kc4 52. Nc2) 50... Rxa4 (50... Bc5 $142 $1 {[%cal Rc5g1]} 51. Bb8 Rxa4 52. Na7+ Kd5 53. Rd7+ Kc4) 51. Nd4+ $17 {Black is better.} Kd5 52. Rd7+ Kc4 53. Nc6 Bc5 {Weighted Error Value: White=0.30/Black=0.29} (53... Ra2 $17 54. Rd4+ Kc3) 1/2-1/2

[Event "Sheikh Russel GM 2021"]
[Site "Dhaka"]
[Date "2021.10.25"]
[Round "7.19"]
[White "Karpatchev, Aleksandr"]
[Black "Mohammad Fahad, Rahman"]
[Result "1/2-1/2"]
[WhiteElo "2427"]
[BlackElo "2330"]
[Annotator "TA"]
[PlyCount "122"]
[EventDate "2021.10.19"]
[EventType "swiss"]
[EventCountry "BAN"]
[SourceTitle "playchess.com"]
[Source "ChessBase"]
[SourceQuality "1"]

{[%evp 14,122,45,42,38,16,26,16,48,20,50,69,92,28,40,15,27,18,15,0,0,-12,0,-16,0,0,14,12,22,27,25,0,0,0,0,0,20,20,20,13,18,20,26,20,16,17,25,19,91,83,98,114,99,103,85,14,170,178,422,150,170,46,174,195,179,179,161,111,123,111,108,119,105,129,134,110,162,172,153,67,133,45,314,314,314,314,314,314,420,25,25,25,25,0,4,0,0,0,0,0,14,0,0,0,0,0,0,0,0,0,8]} 1. e4 c5 2. Nf3 d6 3. Bb5+ Nd7 4. O-O Ngf6 5. Re1 a6 6. Bf1 e6 7. c3 Be7 8. d4 O-O {B51: Sicilian: Moscow Variation (3 Bb5+) without 3...Bd7.} 9. e5 Ne8 {[#]} 10. Nbd2 $146 ({Predecessor:} 10. Bf4 dxe5 11. dxe5 Nc7 12. Nbd2 Nd5 13. Bg3 b6 14. Ne4 Bb7 15. Bd3 b5 16. Qe2 {0-1 (36) Duarte,L (2330)-Aliavdin,N (2315) chess.com INT 2020}) 10... Qc7 11. a4 b6 12. Nc4 cxd4 13. cxd4 ({But not} 13. Qxd4 $6 d5 $11) (13. exd6 $1 $16 Bxd6 14. Qxd4 (14. Nxd6 Qxd6 15. cxd4 Nef6 $14)) 13... dxe5 $11 14. dxe5 Bb7 15. Bd2 Rd8 16. Rc1 Qb8 17. Qb3 Bd5 {White must now prevent ...b5.} 18. Qe3 Bc5 19. Qf4 b5 20. axb5 axb5 21. Na5 Qa7 22. Re2 f6 23. b4 Bb6 {And now ...Nxe5 would win.} 24. Be3 Bxf3 25. Qxf3 {Nc6 is the strong threat.} Nxe5 26. Qh3 Rd6 27. Bxb6 Qxb6 28. Rec2 Qd4 29. Qb3 Kh8 30. Rc8 Ng4 (30... Nd3 $11 {keeps the balance.} 31. Qxd3 Qxd3 32. Bxd3 Rxd3) 31. Qg3 $16 {[%mdl 1024] White has strong compensation.} f5 32. h3 Ngf6 33. Nc6 $36 {[%cal Rc6d4][%mdl 2048] White is in control.} Qd2 34. Qe3 (34. Ra1 $1 $16) 34... Qb2 $2 (34... Qxe3 $11 35. fxe3 Nd5) 35. Bxb5 $18 h6 $2 (35... Ne4 {was worth a try.} 36. Na7 Rd2) 36. Bf1 $2 (36. Ne5 $18 {has better winning chances.}) 36... Kh7 $16 37. Qc3 (37. Qe1 $18) 37... Rd2 (37... Qxc3 $14 38. Rxc3 Rd1) 38. Qxb2 $18 Rxb2 39. b5 Rf7 40. Rd1 Rc7 41. Ra8 Rb7 42. Nd8 Nc7 43. Rc8 Ra7 44. Bc4 Nxb5 (44... Nfd5 $16) 45. Nxe6 g5 46. Bd3 (46. Rc6 $16) 46... Nd6 {[#]} (46... Ne4 $14) 47. Rf8 (47. Rc6 $1 $16 {[%cal Rc6d6]} Nde4 48. Nd4) 47... Nfe4 {[%mdl 8192] [#]} ({Better is} 47... Kg6 $14) 48. Rxf5 $3 {[%mdl 576] Remove Defender, Deflection} Nxf5 49. Bxe4 Kg6 {Threatening ...Kf6.} 50. g4 {[%mdl 64] Pin} Raa2 51. Bb1 $2 ({Less strong is} 51. gxf5+ Kf6 $18) (51. Bxf5+ $18 Kf6 52. Nc5) 51... Rxb1 $1 $11 52. Rxb1 {[%mdl 4096] Endgame KRN-KRN} Nh4 53. Rb6 Nf3+ {The position is equal.} 54. Kf1 {Strongly threatening Nd4+.} Ra1+ 55. Ke2 Ng1+ 56. Ke3 Nxh3 57. Nd4+ Kh7 58. f3 Re1+ 59. Kd2 Rh1 60. Nf5 Nf4 61. Ra6 h5 {Blacks defense is rewarded with a draw.  Weighted Error Value: White=0.33/Black=0.32} 1/2-1/2

[Event "Sheikh Russel GM 2021"]
[Site "Dhaka"]
[Date "2021.10.25"]
[Round "7.20"]
[White "Piyumantha, M Sasith Nipun"]
[Black "Neelash Saha"]
[Result "0-1"]
[WhiteElo "2231"]
[BlackElo "2421"]
[Annotator "TA"]
[PlyCount "92"]
[EventDate "2021.10.19"]
[EventType "swiss"]
[EventCountry "BAN"]
[SourceTitle "playchess.com"]
[Source "ChessBase"]
[SourceQuality "1"]

{[%evp 12,92,11,-9,47,26,33,29,45,33,46,-10,5,11,16,25,11,13,41,10,61,-7,-12,-4,24,26,73,37,68,43,83,64,58,58,63,41,48,28,40,30,54,0,62,49,45,-177,-174,-183,-167,-173,-179,-399,-395,-398,-402,-387,-400,-391,-233,-230,-229,-258,-259,-249,-201,-379,-374,-377,-308,-273,-213,-299,-295,-260,-192,-376,-376,-370,-370,-356,-370,-29998,-29999]} 1. d4 Nf6 2. c4 e6 3. g3 d5 4. Bg2 Bb4+ 5. Nd2 O-O 6. Ngf3 dxc4 7. Qc2 b6 {E04: Open Catalan: 5 Nf3.} (7... a5 $11) 8. O-O Bb7 9. Nxc4 Be4 {White has an edge.} 10. Qb3 a5 {[#]} 11. Ncd2 $146 (11. Bg5 $14) ({Predecessor:} 11. Bg5 Nc6 12. a3 Be7 13. Qe3 Bd5 14. Bxf6 Bxf6 15. Rac1 Rc8 16. Nce5 Bxf3 17. Nxc6 Bxc6 18. Bxc6 Qxd4 19. Qxd4 Bxd4 20. Rc2 Rcd8 21. b4 Rd6 22. Rb1 Rfd8 23. e3 {½-½ (23) Vukic,M (2460)-Hulak,K (2450) Borovo 1980}) 11... Bb7 12. Rd1 Na6 13. a3 Be7 14. Nc4 Bd5 15. Nfe5 Nb8 (15... a4 $11 16. Qd3 (16. Qxa4 Bxg2 17. Kxg2 Qd5+ 18. f3 b5 $17) 16... Bxg2 17. Kxg2 Qe8) 16. Qc2 (16. Bg5 $14) 16... Bxg2 $11 17. Kxg2 Qd5+ (17... b5 $5 {[%cal Rb5c4]} 18. Ne3 c5 $11) 18. f3 Rd8 19. e4 Qb7 20. b3 Na6 21. Bb2 Rac8 22. Rac1 h6 23. Qf2 c5 24. Qe3 Qc7 25. Bc3 Qb7 26. Bb2 (26. a4 $14) 26... Nc7 ({Black should try} 26... Qc7 $11) 27. dxc5 Bxc5 28. Bd4 {Now White is beyond hope.} (28. Qe1 $14 {stays ahead.}) 28... Rxd4 $1 $19 29. Rxd4 {Hoping for Nd6.} Nb5 {[%mdl 64] Double Attack, Pin} 30. Nxa5 Qc7 (30... bxa5 31. Rxc5 $1 {[%mdl 512]} Nxd4 32. Qxd4 $16) 31. Nac6 (31. Rd3 {was called for.} Bxe3 32. Rxc7 Rxc7 33. Nac4) 31... Nxd4 32. Nxd4 Qxe5 33. b4 {[#]} Rd8 $1 34. bxc5 Qxd4 (34... Rxd4 $142 35. c6 {[#]} Nd5 $1 {[%mdl 576] Pin}) 35. Qxd4 Rxd4 {[%mdl 4096] Endgame KRN-KR} 36. c6 {And now c7 would win.} Rd8 37. Rb1 Rd2+ 38. Kh3 $2 (38. Kg1 {keeps fighting.}) 38... Rc2 39. Rxb6 Kh7 40. a4 Rc5 41. g4 (41. Kg2 $142) 41... g5 42. Kg3 Kg7 43. Kf2 $2 (43. h4 {was worth a try.}) 43... Ng8 44. Ke3 Ne7 45. Kd4 Rc1 ({Stronger than} 45... Rxc6 46. Rxc6 Nxc6+ 47. Kc5 $11) 46. Ke5 $2 (46. c7 $19 Rxc7 47. Rb2) 46... Rd1 {[%cal Re7g6] Weighted Error Value: White=0.61/Black=0.22} 0-1

[Event "Sheikh Russel GM 2021"]
[Site "Dhaka"]
[Date "2021.10.25"]
[Round "7.21"]
[White "Laxman, R.R."]
[Black "Alinasab, Mobina"]
[Result "1-0"]
[WhiteElo "2411"]
[BlackElo "2309"]
[Annotator "TA"]
[PlyCount "71"]
[EventDate "2021.10.19"]
[EventType "swiss"]
[EventCountry "BAN"]
[SourceTitle "playchess.com"]
[Source "ChessBase"]
[SourceQuality "1"]

{[%evp 15,71,25,28,19,26,18,25,25,36,0,0,-2,0,-7,7,0,0,0,0,0,0,0,0,0,0,0,5,0,10,5,9,6,7,7,19,15,19,19,19,18,42,43,54,24,626,633,633,626,702,726,727,697,29979,29978,29978,29979,5506,1058]} 1. d4 d5 2. Nf3 Nf6 3. c4 e6 4. Nc3 c5 5. e3 a6 6. cxd5 exd5 7. Be2 Nc6 8. O-O cxd4 9. exd4 {D32: Tarrasch Defence: Sidelines and lines without g3.} Bd6 10. Bg5 Be6 11. Re1 {White has an edge.} O-O 12. Rc1 h6 13. Bh4 Bf4 {[#]} 14. Rb1 $146 ({Predecessor:} 14. Ra1 Re8 15. Bg3 Bxg3 16. hxg3 Bg4 17. Qb3 b5 18. Rad1 Qd6 19. Nh2 Bf5 20. a3 {0-1 (38) Novkovic,M (2407)-Miezis,N (2524) Zuerich 1999}) 14... Rc8 15. a3 Re8 16. Bd3 g5 17. Bg3 Bxg3 18. hxg3 Bg4 19. Rxe8+ Qxe8 20. Bc2 Qe6 21. Qd3 Bxf3 22. gxf3 Na5 {[%cal Bc6a5,Ba5c4,Bc4d2][%mdl 32]} 23. Kg2 Kg7 24. Rh1 {[%cal Bb1h1,Bh1h4,Bh4f4][%mdl 32]} Nc4 25. Nd1 h5 26. a4 g4 27. Rh4 gxf3+ 28. Qxf3 {[#] Hoping for Bf5.} Nd2 $1 {[%cal Rd2f3]} 29. Qf4 Qe2 {[%mdl 8192] Black cannot hold the game after this.} (29... Rxc2 $11 30. Ne3 Nf3) 30. Qg5+ $18 Kf8 {( -> ...Qf1+)} 31. Qxf6 Rxc2 {[#]} 32. Rf4 $1 {[%csl Gf4][%cal Rf6f7]} Qe8 33. Nc3 Kg8 34. Qg5+ {[%mdl 64] Double Attack} Kf8 35. Qh6+ Kg8 36. Rf5 {Weighted Error Value: White=0.02/Black=0.43} (36. Nxd5 $142 Rc6 37. Qg5+ Kh8 38. Qxh5+ Kg7 39. Rh4 Qe4+ 40. Rxe4 Nxe4 41. Qe5+ {[%mdl 64] Double Attack} Kg8 42. Ne7+ {[%mdl 64] Double Attack} Kh7 43. Qxe4+ Kg7 44. Nxc6) 1-0

[Event "Sheikh Russel GM 2021"]
[Site "Dhaka"]
[Date "2021.10.25"]
[Round "7.22"]
[White "Karthikeyan, P.."]
[Black "Arpita, Mukherjee"]
[Result "1-0"]
[WhiteElo "2404"]
[BlackElo "2229"]
[Annotator "TA"]
[PlyCount "66"]
[EventDate "2021.10.19"]
[EventType "swiss"]
[EventCountry "BAN"]
[SourceTitle "playchess.com"]
[Source "ChessBase"]
[SourceQuality "1"]

{[%evp 16,66,32,29,35,26,29,33,32,25,37,34,40,34,77,64,78,69,63,0,0,-14,-20,-12,-16,0,18,31,118,128,149,133,181,170,183,173,362,204,212,208,463,359,327,-29995,0,0,13,-882,12,38,904,435,29993]} 1. d4 Nf6 2. c4 c5 3. d5 b5 4. cxb5 a6 5. e3 g6 6. Nc3 Bg7 7. Nf3 O-O 8. a4 Bb7 9. Be2 {9.e4 is becoming the main line.} e6 {A57: Benko/Volga Gambit.} 10. e4 axb5 11. Bxb5 exd5 {White is slightly better.} 12. exd5 Re8+ 13. Be3 Ng4 14. O-O $1 Nxe3 15. fxe3 Rxe3 {[#]} 16. Qd2 $1 {[%cal Rd2e3]} Re8 17. d6 (17. Rae1 $14) 17... Nc6 $11 {...Nd4 is the strong threat.} 18. Bc4 Na5 19. Bd5 Bxd5 20. Qxd5 {[#]} h6 $146 ({Predecessor:} 20... Qf6 21. Rae1 Rab8 22. Rxe8+ Rxe8 23. Qxc5 Nb7 24. Qc7 Nxd6 25. Qxd7 Rd8 26. Qc6 Rc8 27. Qd5 Nf5 28. Re1 Qb6+ 29. Kh1 Qxb2 30. Ng5 Qxc3 31. Qxf7+ Kh8 32. Re8+ {1-0 (32) Quintiliano Pinto,R (2469)-Garcia Blanco,O (2324) Chess.com INT 2021}) 21. Nb5 ({Don't blunder} 21. Qxc5 $2 Nb3 $19) 21... Re2 ({Of course not} 21... Bxb2 $6 22. Rab1 $16) ({Better is} 21... Rb8 $14) 22. Rae1 $16 Rxe1 23. Nxe1 Nc6 24. Nc7 ({Don't play} 24. Rxf7 $6 Kh8 $16) 24... Rb8 25. Qxf7+ Kh7 $2 (25... Kh8) 26. Nd3 (26. Nf3 $142) 26... Qg5 27. Nf4 $40 {[%mdl 128] White is out for blood.} Qf5 (27... Ne5 {was necessary.} 28. Qe7 c4) 28. Nfd5 Qxf7 29. Rf2 $4 {[%mdl 8192]} (29. Rxf7 $18 Kg8 30. Rxd7) 29... Qf3 $2 30. Rxf3 $11 Ne5 31. Rf7 {[%mdl 8192]} Kh8 $2 (31... Nxf7 $19 32. Nb5 Bxb2) 32. Re7 {[#] Black must now prevent Ne8.} Nf7 $2 {[%mdl 8192]} 33. Ne8 (33. Rxf7 $142 c4 34. Rxd7 Bd4+ 35. Kf1 Rf8+ 36. Ke1) 33... Bf6 {White used his chance.  Weighted Error Value: White=1.01/Black=0.84} (33... Bd4+ $18 34. Kf1 Ng5) 1-0

[Event "Sheikh Russel GM 2021"]
[Site "Dhaka"]
[Date "2021.10.25"]
[Round "7.23"]
[White "Sourath Biswas"]
[Black "Sadikhov, Ulvi"]
[Result "0-1"]
[WhiteElo "2270"]
[BlackElo "2517"]
[Annotator "TA"]
[PlyCount "52"]
[EventDate "2021.10.19"]
[EventType "swiss"]
[EventCountry "BAN"]
[SourceTitle "playchess.com"]
[Source "ChessBase"]
[SourceQuality "1"]

{[%evp 9,52,9,8,-35,-37,-36,-28,-30,-28,-85,-56,-66,-17,-58,-41,-58,-21,-137,-139,-145,-137,-261,-206,-379,-352,-364,-343,-351,-316,-376,-286,-633,-600,-589,-616,-896,-849,-904,-874,-858,-843,-2175,-2029,-1963,-1770]} 1. d4 Nf6 2. Bf4 d6 3. Nc3 c6 4. e4 Qa5 5. Qd3 e5 6. dxe5 {B07: Pirc Defence: Miscellaneous Systems.} dxe5 {[#]} 7. Bd2 $146 ({Predecessor:} 7. Bg5 Be7 8. Bxf6 Bxf6 9. Nf3 Be6 10. Be2 Nd7 11. O-O O-O 12. Rfd1 Qb6 13. Rab1 {0-1 (28) Gorej,V-Asatryan,M (1574) Klatovy 2018}) 7... Qc7 8. Qg3 {Black has an edge.} Nbd7 9. O-O-O {[#]} (9. f3 $11) 9... b5 $1 $17 {[%cal Bb7b5,Bb5b4][%mdl 32]} 10. Re1 h6 11. h4 a5 12. h5 a4 13. f4 (13. Nf3 $11) 13... b4 $36 {[%mdl 2048] Black is really pushing.} 14. Nb1 Nc5 15. Bd3 (15. Bxb4 $17 Ncxe4 16. Qa3 Bxb4 17. Qxb4) 15... Be6 $19 16. fxe5 $2 (16. a3 {was worth a try.}) 16... Nfd7 17. Bf4 Nxd3+ ({Not} 17... Bxa2 18. e6 $14) 18. Qxd3 Bxa2 (18... Nxe5 $2 19. Qg3 $17) 19. Ne2 {[#] Hoping for e6!} Nc5 20. Qd2 (20. Qg3) 20... Be6 {Threatens to win with ...a3.Black is clearly winning.} ({Weaker is} 20... Nxe4 21. Qe3 $19) 21. Nd4 a3 22. bxa3 bxa3 23. Nc3 Qb7 24. Qe3 Rd8 {And now ...Qb2+ would win.} 25. Nce2 Qb2+ 26. Kd2 Nb3+ {Weighted Error Value: White=0.87/Black=0.17} 0-1

[Event "Sheikh Russel GM 2021"]
[Site "Dhaka"]
[Date "2021.10.25"]
[Round "7.24"]
[White "Islam, Khandaker Aminul"]
[Black "Pranav Vijay"]
[Result "0-1"]
[WhiteElo "2182"]
[BlackElo "2265"]
[Annotator "TA"]
[PlyCount "78"]
[EventDate "2021.10.19"]
[EventType "swiss"]
[EventCountry "BAN"]
[SourceTitle "playchess.com"]
[Source "ChessBase"]
[SourceQuality "1"]

{[%evp 12,78,30,33,60,38,40,43,50,43,44,35,62,11,18,11,13,13,2,4,48,0,61,68,56,77,39,43,33,18,39,0,108,68,71,84,91,57,68,59,61,67,81,56,73,67,87,50,73,54,77,-55,-15,-352,-327,-476,-473,-458,-444,-1501,-1493,-1480,-1531,-1435,-1378,-1448,-1356,-29966,-2967]} 1. d4 Nf6 2. c4 e6 3. g3 Bb4+ 4. Bd2 Bxd2+ 5. Qxd2 O-O 6. Bg2 d6 7. Nc3 Qe7 {E00: Catalan Bogo-Indian (3 g3 Bb4+).} 8. e3 e5 9. Nge2 c6 {White is slightly better.} 10. h3 Na6 {[#]} 11. Rd1 $146 ({Predecessor:} 11. O-O Nc7 12. b4 Be6 13. Qd3 exd4 14. Nxd4 d5 15. c5 Qd7 16. Kh2 Qe7 17. Rac1 {1-0 (40) Urban,K (2470)-Suleja,J (2250) Augustow 1996}) 11... h5 12. b3 (12. e4 $14) 12... e4 $11 13. d5 {Black must now prevent dxc6.} c5 14. a3 Re8 15. Rb1 Bf5 16. Qc2 (16. g4 $5 hxg4 17. Ng3 $14) 16... Nb8 ({Black should try} 16... Bh7 $11) 17. g4 $1 $14 {[%cal Rg4f5]} hxg4 18. Ng3 Bg6 19. hxg4 {aiming for g5.} Qe5 20. g5 Qxg5 21. Nb5 ({But not} 21. Bxe4 $2 Nxe4 22. Ncxe4 Qg4 $17) 21... Qe5 (21... Rd8 $11) 22. Nc7 $16 {[%mdl 64] Double Attack} Nbd7 23. Nxa8 Rxa8 24. Bh3 Qg5 25. Bxd7 Nxd7 26. Qe2 ({Don't go for} 26. Nxe4 $2 Qg2 $19) 26... Ne5 27. Kd1 b5 28. Kc2 ({Of course not} 28. cxb5 Nd3 $15) 28... Nd3 29. Rh2 {Threatens to win with Rbh1.} f6 30. Qd2 b4 31. a4 (31. Rbh1 $16 {Rh8+ is the strong threat.} Kf7 32. axb4) 31... Qe5 $15 32. Kd1 $2 {[%mdl 8192] [#] Loses the game.} (32. Rbh1 $1 $11 {and White is okay.} Qb2+ 33. Kd1 Qxb3+ {[%mdl 64] Double Attack} 34. Qc2 Qxc2+ 35. Kxc2) 32... f5 $1 $19 33. Nf1 (33. Rh4 {was called for.} Rf8 34. Rf4) 33... f4 34. exf4 Nxf4 35. Qb2 (35. Ne3 $142 Bh5+ 36. Rxh5 Qxh5+ 37. Kc2) 35... Qg5 36. Qd2 {[#]} Qg1 $1 37. Qe1 Rf8 {And now ...e3! would win.} 38. Kd2 e3+ {[%mdl 64] Discovered Attack} 39. fxe3 Ng2 {Weighted Error Value: White=0.68/Black=0.14} 0-1

[Event "Sheikh Russel GM 2021"]
[Site "Dhaka"]
[Date "2021.10.26"]
[Round "8.1"]
[White "Rasulov, Vugar"]
[Black "Narayanan, Srinath"]
[Result "1-0"]
[WhiteElo "2452"]
[BlackElo "2540"]
[Annotator "TA"]
[PlyCount "79"]
[EventDate "2021.10.19"]
[EventType "swiss"]
[EventCountry "BAN"]
[SourceTitle "playchess.com"]
[Source "ChessBase"]
[SourceQuality "1"]

{[%evp 11,79,13,37,6,11,24,13,8,21,8,22,31,17,27,52,0,15,11,12,6,18,-10,-4,-9,11,14,17,-3,0,-19,22,27,18,25,50,75,162,4,8,7,6,5,24,17,13,22,93,27,21,15,17,21,35,29,68,28,30,30,27,26,73,74,76,74,172,176,510,510,649,631]} 1. d4 Nf6 2. c4 e6 3. Nf3 b6 4. g3 Bb7 5. Bg2 Bb4+ 6. Bd2 c5 7. dxc5 {E16: Queen's Indian: 4 g3 Bb7 5 Bg2 Bb4+.} Bxc5 8. O-O O-O 9. Nc3 {The position is equal.} h6 10. Rc1 {[#]} d5 $146 ({Predecessor:} 10... a5 11. a3 Re8 12. Re1 Qe7 13. e3 Rd8 14. Qe2 d5 15. cxd5 Nxd5 16. Nxd5 Bxd5 {½-½ (46) Voveris,G (2354)-Semenov,N (2197) ICCF email 2017}) 11. cxd5 Nxd5 12. Ne5 Bd4 {[#]} 13. Nf3 ({White should play} 13. Bg5 $1 $14 Qxg5 (13... hxg5 14. Qxd4) 14. Qxd4) 13... Bf6 14. Qa4 Nd7 {[%cal Bb8d7,Bd7c5,Bc5e4][%mdl 32]} 15. Rfd1 Rc8 16. h4 Bxc3 17. bxc3 Nc5 18. Qa3 Ne4 19. Be1 {Nh2 is the strong threat.} Qc7 20. Nd4 Nd6 21. c4 $1 {[%cal Rc4d5]} Nxc4 22. Qb3 {Black must now prevent Nb5.} a6 23. a4 Rfd8 (23... b5 $16 {is a better defense.}) 24. Nf3 $2 (24. e4 $1 $18) 24... b5 $11 25. axb5 axb5 26. Qxb5 Qb6 27. Nd4 Qxb5 28. Nxb5 {Threatens to win with Na7.} Ba6 {[#]} (28... Rd7 $11 {remains equal.}) 29. Nd4 (29. Na7 $1 $16 {[%cal Ra7c8]} Ra8 30. Nc6) 29... Ne5 30. Ra1 Bc4 31. Rdc1 Ne7 32. Bc3 Ng4 33. Bb4 Rxd4 34. Bxe7 Rd7 35. Bb4 Rdc7 36. Bd6 Rd7 37. Bf4 $36 {[%mdl 2048] White has strong initiative.} Kh7 {[#]} (37... e5 $16 {might work better.}) 38. Rc2 $1 $18 Ba6 $2 (38... g5 {is a better chance.}) 39. Be4+ f5 40. Rxa6 {Weighted Error Value: White=0.17/Black=0.34} 1-0

[Event "Sheikh Russel GM 2021"]
[Site "Dhaka"]
[Date "2021.10.26"]
[Round "8.2"]
[White "Mosadeghpour, Masoud"]
[Black "Bernadskiy, Vitaliy"]
[Result "1/2-1/2"]
[WhiteElo "2486"]
[BlackElo "2580"]
[Annotator "TA"]
[PlyCount "119"]
[EventDate "2021.10.19"]
[EventType "swiss"]
[EventCountry "BAN"]
[SourceTitle "playchess.com"]
[Source "ChessBase"]
[SourceQuality "1"]

{[%evp 17,119,39,40,17,22,17,37,40,40,27,22,37,47,54,46,58,76,87,89,79,87,87,80,75,138,113,100,79,73,73,79,72,78,67,68,47,68,43,90,81,139,125,125,62,125,102,106,0,0,0,0,0,0,0,0,0,0,0,0,0,0,0,0,-14,-253,-617,0,0,0,0,0,0,0,0,0,0,0,0,0,0,0,0,0,0,0,0,0,-16,-16,-16,-16,-16,-16,-16,0,0,0,-9,0,-9,-9,-16,-16,-16]} 1. e4 e5 2. Nf3 d6 3. d4 exd4 4. Nxd4 Nf6 5. Nc3 Be7 6. Bf4 O-O 7. Qd2 Nc6 8. O-O-O Nxd4 9. Qxd4 Be6 10. Bc4 {C41: Philidor Defence.} Ng4 11. Nd5 Bxd5 12. Bxd5 {[#] White is slightly better.} Bg5 $146 ({Predecessor:} 12... Bf6 13. Qd2 Ne5 14. Bxe5 Bxe5 15. f4 Bf6 16. g4 c6 17. Bb3 Be7 18. g5 a5 {1-0 (27) Malik,J (2257)-Ramik,Z (2250) Czech Republic 2013}) 13. Qd2 Bxf4 14. Qxf4 Qc8 {[#]} 15. Bxb7 $1 Qxb7 16. Qxg4 Rab8 17. b3 Qb4 18. Qe2 Rfe8 19. Rhe1 f5 20. Qd2 Rxe4 (20... fxe4 $142 21. Qxb4 Rxb4) 21. Rxe4 Qxe4 22. Qd5+ (22. Qa5 {feels hotter.} Rb6 23. f3 Qe3+ 24. Kb2 Qe5+ 25. Qxe5 dxe5 26. Rd7) 22... Qxd5 23. Rxd5 $16 {[%mdl 4096] Endgame KR-KR} g6 24. Ra5 Rb7 25. c4 Kf7 26. Kd2 Ke6 27. Kc3 Kd7 28. b4 Kc8 (28... c6 $142) 29. Ra6 Kb8 30. a4 (30. a3 $16) 30... Rb6 (30... c5 $1 $14) 31. Rxb6+ axb6 {KP-KP} 32. c5 (32. Kd4 $16) 32... dxc5 $11 33. bxc5 Kb7 34. f4 bxc5 35. Kc4 Kb6 36. g3 h6 37. h3 g5 38. Kd5 gxf4 39. gxf4 Ka5 40. h4 Kxa4 41. Kxc5 {K3P-KPP} h5 $2 (41... Kb3 $19 42. Kd4 Ka3) 42. Kd5 {The position is equal.} Kb3 (42... Kb4 {is interesting.} 43. Ke5 c5 44. Kxf5 c4 45. Kg6 c3) 43. Ke5 c5 44. Kxf5 {KPP-KPP} c4 45. Kg6 $1 c3 (45... Ka4 $5) 46. f5 $1 c2 (46... Ka4 $5) 47. f6 $1 c1=Q 48. f7 $1 Qc5 49. Kg7 Qe7 {[#] And now ...Kc4 would win.} 50. Kg8 Qxh4 51. f8=Q {KQ-KQ} Qg4+ 52. Kh8 h4 {aiming for ...h3.} 53. Qf7+ $1 Kc3 {Hoping for ...h3.} 54. Qc7+ Kd3 55. Qh7+ Ke3 56. Qe7+ Kf3 {Threatens to win with ...Qd4+.} 57. Qf6+ Ke3 {( -> ...Qd4)} 58. Qc3+ Kf2 {White must now prevent ...Qh5+.} (58... Kf4 $5 59. Qd4+ $8 Kf5 60. Qd7+ Kg5 61. Qg7+ Kh5 62. Qh7+ Kg5 63. Qg7+ Kh5 64. Qh7+ Kg5 65. Qg7+ $11) 59. Qd2+ Kg3 {Strongly threatening ...Qh5+.} 60. Qe1+ {Weighted Error Value: White=0.08/Black=0.15} 1/2-1/2